Pays frontaliers d'Afghanistan - Mort Subite - Statistiques

Statistiques générales
  • Ce quiz a été pris 94 fois
  • Le résultat moyen est 3 sur 6
Answers on the Grid
Answers color-coded by a green-red scale on the quiz's grid according to % correct below.
Iran
Thailand
Tadjikistan
Turkménistan
Irak
Taïwan
Ouzbékistan
Kazakhstan
Chine
Pakistan
Kirghizistan
Mongolie
Azerbaïdjan
 
Statistiques - réponses
Réponse % Correct
Iran
78%
Pakistan
63%
Chine
53%
Tadjikistan
50%
Turkménistan
44%
Ouzbékistan
32%
Aucun quiz correspondant
Distribution des résultats
% des personnes avec chaque résultat
Percentile par nombre de réponses
Votre historique - résultats
Vous n’avez pas pris ce quiz